000 00452nam a2200181Ia 4500
001 8108
005 20260306160544.0
008 260306t2018||||xx |||||||||||||| ||spa||
041 _aESP
082 _a370.1
_bT78
100 _aTraveset Vilaginés, Mercè
_eAUT
245 0 _aLa pedagogía sistémica:
_bfundamentos y práctica
260 _c2018
300 _a138 páginas :
_c24 cm.
650 _aGEN
654 _aCED
942 _cLIB
_dJUS
_fJUS
_2ddc
_n
999 _c8108
_d8108